Statistics for Top 100 Biggest Cities in Nebraska

Click here to take the quiz!

General Stats

  • This quiz has been taken 367 times
  • The average score is 41 of 100

Answer Stats

#CityPopulation% Correct
1Omaha446,970
100%
2Lincoln280,364
99%
4Grand Island51,517
87%
13Scottsbluff14,883
80%
3Bellevue53,505
79%
9North Platte24,110
78%
5Kearney33,520
76%
6Fremont26,519
71%
7Hastings24,991
69%
8Norfolk24,348
68%
11Papillion19,597
67%
10Columbus22,851
66%
21York7,860
65%
50Valentine2,803
64%
15Beatrice12,362
64%
23Nebraska City7,347
62%
18Alliance8,403
59%
14South Sioux City13,120
58%
17Lexington10,004
56%
12La Vista17,143
56%
31Wayne5,573
54%
35Ogallala4,543
53%
33Gretna5,060
53%
27Sidney6,888
52%
22McCook7,526
52%
20Blair8,089
52%
25Seward7,219
51%
19Gering8,360
51%
36Wahoo4,499
49%
44Gothenburg3,475
46%
37Aurora4,484
46%
26Crete7,059
46%
24Ralston7,329
46%
43Broken Bow3,539
45%
46Auburn3,299
45%
28Plattsmouth6,479
44%
32Holdredge5,555
42%
49David City2,815
42%
47Minden2,996
41%
45West Point3,327
41%
38Falls City4,214
41%
40Waverly3,786
41%
39Cozad3,805
41%
48Central City2,905
39%
73Springfield1,603
39%
57Valley2,172
38%
41Fairbury3,714
38%
29Schuyler6,106
38%
52Kimball2,400
36%
75Bennington1,523
36%
53Madison2,364
36%
51Ashland2,566
35%
42O'Neill3,631
35%
60Imperial2,047
33%
71Tecumseh1,640
33%
72Albion1,613
32%
T87Louisville1,261
32%
68Tekamah1,723
32%
54St. Paul2,349
32%
58Geneva2,162
31%
59Ord2,078
31%
89North Bend1,256
31%
86Fullerton1,262
31%
80Hartington1,490
31%
79Hebron1,511
31%
69Mitchell1,660
31%
T87Yutan1,261
31%
96Alma1,169
29%
78Neligh1,516
29%
93Burwell1,191
28%
99Grant1,120
28%
77Bridgeport1,520
28%
30Chadron5,725
28%
67Pierce1,729
28%
56Milford2,194
28%
70Ainsworth1,649
28%
90Atkinson1,251
27%
100Creighton1,102
27%
85Wood River1,350
26%
94Oakland1,183
26%
74Gordon1,545
26%
92Plainview1,196
25%
81Sutton1,429
25%
62Gibbon1,890
25%
65Superior1,862
25%
76Stanton1,522
24%
84Ravenna1,373
24%
61Syracuse1,985
24%
55Hickman2,221
22%
97Stromsburg1,158
22%
66Dakota City1,860
22%
16Chalco10,994
21%
83Wymore1,384
21%
82Wakefield1,395
21%
63Wilber1,878
21%
91Battle Creek1,201
19%
95Wisner1,180
19%
98Bayard1,140
19%
34Offutt Air Force Base4,644
14%
64Woodland Park1,866
6%

Score Distribution

Percentile by Number Answered

Percent of People with Each Score

Your Score History

You have not taken this quiz